00333nam a22001097a 4500008004100000020001500041082001300056245007500069260006200144300001100206440000600217230606b xxu||||| |||| 00| 0 eng d a996676707X a339.4119 aKenya Integrated Household Budget Survey (KIHBS) 2005/06bBasic Report aNairobi,KenyabCentral Bureau of StatisticscJanuary,2007 aX,323p v1